Statistics for The Denmark Quiz!

Click here to take the quiz!

General Stats

  • This quiz has been taken 1,130 times
    (1,100 since last reset)
  • The average score is 11 of 14

Answer Stats

HintAnswer% Correct
Capital CityCopenhagen
99%
2nd biggest language after DanishGerman
94%
Flag ColorsRed and White
93%
Border countryGermany
90%
The original Themepark for which toy brand is in Denmark?LegoLand
89%
CurrencyDanish Krone (DKK)
87%
Large Overseas Territory near to CanadaGreenland
84%
Danish for "Denmark"?Danmark
83%
Famous Dane who wrote The Little MermaidHans Christian Andersen
79%
Famous "A" cityAarhus
78%
What is "thank you' in Danish?Tak
78%
Year that gay marriage was leagilised?2012
56%
Famous theme park the Tivoli ______?Gardens
55%
Current Prime MinisterLars Rasmussen
17%

Score Distribution

Percentile by Number Answered

Percent of People with Each Score

Your Score History

You have not taken this quiz since the last reset